Vocabulary builder. (Record no. 116498)
[ view plain ]
| 000 -LEADER | |
|---|---|
| fixed length control field | 00385nam a2200145 a 4500 |
| 005 - DATE AND TIME OF LATEST TRANSACTION | |
| control field | 20140513081056.0 |
| 008 - FIXED-LENGTH DATA ELEMENTS--GENERAL INFORMATION | |
| fixed length control field | 070202s19uu xx 00 eng d |
| 050 ## - LIBRARY OF CONGRESS CALL NUMBER | |
| Classification number | VCD |
| Item number | Vo872 2002 |
| 245 ## - TITLE STATEMENT | |
| Title | Vocabulary builder. |
| 260 ## - PUBLICATION, DISTRIBUTION, ETC. (IMPRINT) | |
| Name of publisher, distributor, etc | Educational products for infancy, |
| Date of publication, distribution, etc | 2002. |
| 440 ## - SERIES STATEMENT/ADDED ENTRY--TITLE | |
| Title | Baby BumbleBee |
| 500 ## - GENERAL NOTE | |
| General note | Age 2 months and up |
| 650 ## - SUBJECT ADDED ENTRY--TOPICAL TERM | |
| Topical term or geographic name as entry element | Basic vocabulary |
| Withdrawn status | Lost status | Damaged status | Home library | Current library | Shelving location | Date acquired | Source of acquisition | Cost, normal purchase price | Total Checkouts | Full call number | Barcode | Date last seen | Price effective from | Koha item type |
|---|---|---|---|---|---|---|---|---|---|---|---|---|---|---|
| Elizalde Library | Elizalde Library | Audio Visual Material Section | 02/02/2007 | 150.00 | VCD Vo872 2002 | E578 | 05/13/2014 | 05/13/2014 | Audio Visual Materials |